LDR 00705naa#a2200169#i#450# 001 EN\INFRA-M\bibl\93883 005 20260415041745.3 011 ## _a1998-0701 100 ## _a20241125b2024####ek#y0engy0150####ca 102 ## _aRU 200 1# _aBig Data Analytics for Dynamic Planning and Inventory Management _eJournal article 210 1# _aMoscow _cINFRA-M Academic Publishing LLC. _d2024 215 ## _a11 с. 608 ## _aJournal article _2local 675 ## _aЭкономическое положение. Экономическая политика. Управление и планирование в экономике. Производство. Услуги. Цены. 338 _z 700 #1 _aBoldycheva _gA. G. 856 4# _anaukaru.ru _u